Statistics for Which Beatle Sang It? Click Quiz #4

Click here to take the quiz!

General Stats

  • This quiz has been taken 220 times
    (218 since last reset)
  • The average score is 14 of 20

Answer Stats

HintAnswer% Correct
Twist and ShoutJohn Lennon
85%
All My LovingPaul McCartney
82%
Maxwell's Silver HammerPaul McCartney
81%
I Saw Her Standing TherePaul McCartney
80%
Across The UniverseJohn Lennon
79%
Got to Get You into My LifePaul McCartney
79%
Don't Let Me DownJohn Lennon
76%
Can't Buy Me LovePaul McCartney
75%
The Fool on the HillPaul McCartney
74%
RainJohn Lennon
70%
Polythene PamJohn Lennon
70%
Mean Mr. MustardJohn Lennon
70%
Everybody's Got Something to Hide Except Me and My MonkeyJohn Lennon
69%
For No OnePaul McCartney
64%
Old Brown ShoeGeorge Harrison
61%
Only A Northern SongGeorge Harrison
60%
BoysRingo Starr
58%
Don't Pass Me ByRingo Starr
57%
Long, Long, LongGeorge Harrison
55%
Roll Over BeethovenGeorge Harrison
51%

Score Distribution

Percentile by Number Answered

Percent of People with Each Score

Your Score History

You have not taken this quiz since the last reset